000 00431nam a22001697a 4500
003 NUST - PNEC
005 20170116181149.0
008 151015b xxu||||| |||| 00| 0 eng d
020 _a-
040 _cLIBRARY
082 _a954.031 PHI
100 _915251
_aPhilips, C. H
245 _aThe East India Company, 1784-1834
_c C. H,Philips
260 _cc 1961
650 _915253
_aEast India Company
_xGeneral
942 _2ddc
_cBK
999 _c70859
_d70859